Normal view MARC view

Entry Nombre personal

Number of records used in: 7

001 - NÚMERO DE CONTROL

  • campo de control: 37340

003 - IDENTIFICADOR DE NÚMERO DE CONTROL

  • campo de control: SpMaBN

005 - FECHA Y HORA DE LA ÚLTIMA TRANSACCIÓN

  • campo de control: 20231205195419.0

008 - ELEMENTOS DE DATO DE LONGITUD-FIJA

  • campo de control de longitud fija: 901120nn aijnnaabn a aaa

016 ## - NÚMERO DE CONTROL DE UNA AGENCIA BIBLIOGRÁFICA NACIONAL

  • Número de control del registro: BNE19900041252

024 7# - IDENTIFICADOR DE OTROS ESTÁNDARES

  • Número estándar o código: http://viaf.org/viaf/110262916/
  • Fuente: viaf

024 7# - IDENTIFICADOR DE OTROS ESTÁNDARES

  • Número estándar o código: https://isni.org/isni/0000000081760204
  • Fuente: isni

024 7# - IDENTIFICADOR DE OTROS ESTÁNDARES

  • Número estándar o código: http://www.wikidata.org/entity/Q8256275
  • Fuente: wikidata

040 ## - FUENTE DE CATALOGACIÓN

  • Centro catalogador/agencia de origen: SpMaBN
  • Lengua de catalogación: spa
  • Centro/agencia transcriptor: SpMaBN
  • Normas de descripción: rdc
  • Convención/Normas de encabezamiento de materia/tesauro: embne

046 ## - FECHAS CON CODIFICACIÓN ESPECIAL

  • Fecha de nacimiento: 1946

100 1# - ENCABEZAMIENTO-NOMBRE DE PERSONA

  • Nombre de persona: Cela Conde, Camilo José,
  • Fechas asociadas al nombre: 1946-

370 ## - LUGAR ASOCIADO

  • Lugar de nacimiento: Madrid, España
  • Fuente de información: (Wikidata)
  • Número de control del registro de autoridad o número normalizado: XX450543

372 ## - CAMPO DE ACTIVIDAD

  • Campo de actividad: Filosofía Moral
  • Fuente de información: (Dialnet)

374 ## - OCUPACIÓN

  • Ocupación: Escritores
  • Fuente de información: Wikidata

375 ## - GÉNERO/SEXO

  • Género: Masculino

377 ## - IDIOMA ASOCIADO

  • Término de lengua/lenguaje: Español

400 1# - TRAZADO DE VÉASE--NOMBRE DE PERSONA

  • Nombre de persona: Cela Conde, Camilo J.,
  • Fechas asociadas al nombre: 1946-

400 1# - TRAZADO DE VÉASE--NOMBRE DE PERSONA

  • Nombre de persona: Cela-Conde, Camilo José,
  • Fechas asociadas al nombre: 1946-

670 ## - FUENTE DE DATOS ENCONTRADOS

  • Cita de la fuente: Capitalismo y campesinado en la isla de Mallorca, 1979
  • Información encontrada: port. (Camilo José Cela Conde)

670 ## - FUENTE DE DATOS ENCONTRADOS

  • Cita de la fuente: Carlos Mensa,
  • Información encontrada: port. (Camilo J. Cela Conde)

670 ## - FUENTE DE DATOS ENCONTRADOS

  • Cita de la fuente: La profecía de Darwin, 2005
  • Información encontrada: port. (Camilo José Cela-Conde)

670 ## - FUENTE DE DATOS ENCONTRADOS

  • Cita de la fuente: Paisajes urbanos, 1994
  • Información encontrada: solapa (n. 1946, en Madrid)